[Event "Barcelona op rap"]
[Site "Barcelona"]
[Date "1996.12.14"]
[Round "2"]
[White "Sayrol Clols, Josep Maria"]
[Black "Vehi Bach, Victor Manuel"]
[Result "0-1"]
[WhiteElo "2120"]
[BlackElo "2365"]
[PlyCount "47"]
[EventDate "1996.12.??"]
[EventType "swiss (rapid)"]
[EventRounds "8"]
[EventCountry "ESP"]
[SourceTitle "EXT 2001"]
[Source "ChessBase"]
[SourceDate "2000.11.22"]
[SourceVersion "1"]
[SourceVersionDate "2000.11.22"]
[SourceQuality "1"]

1. e4 c5 2. Nf3 e6 3. d4 cxd4 4. Nxd4 a6 5. Be2 Nf6 6. Nc3 Qc7 7. 0-0 d6 8. f4 Nbd7 9. g4 Nc5 10. Bf3 h6 11. g5 hxg5 12. fxg5 d5 13. Qe2 Nfxe4 14. Nxe4 Nxe4 15. Bxe4 dxe4 16. Bf4 Qb6 17. Qxe4 Bd7 18. Be3 Qc7 19. Bf4 Bd6 20. g6 0-0-0 21. gxf7 e5 22. Bg5 exd4 23. Bxd8 Bxh2+ 24. Kg2 0-1